Nanotechnology in the food, beverage and nutraceutical industries

Uloženo v:
Podrobná bibliografie
Hlavní autor:  Nanotechnology in the food, beverage and nutraceutical industries
Médium: Sách
Jazyk:Undetermined
Vydáno:  Woodhead Publishing Ltd  2012
Témata:
Tagy: Přidat tag
Žádné tagy, Buďte první, kdo otaguje tento záznam!
Thư viện lưu trữ: Trung tâm Thư viện - Trường Đại học Công nghiệp TP. Hồ Chí Minh
LEADER 00511nam a2200145Ia 4500
001 UIH_08363
008 241002s9999 xx 000 0 und d
082 |a  664 
100 |a  Nanotechnology in the food, beverage and nutraceutical industries 
245 0 |a  Nanotechnology in the food, beverage and nutraceutical industries 
260 |b  Woodhead Publishing Ltd 
260 |c  2012 
650 |a Food 
927 |a Sách 
980 |a Trung tâm Thư viện - Trường Đại học Công nghiệp TP. Hồ Chí Minh